El capital social de Colombia / (Registro nro. 3932)

Detalles MARC
000 -LEADER
fixed length control field 00930nam a2200217Ia 4500
003 - CONTROL NUMBER IDENTIFIER
control field OSt
005 - DATE AND TIME OF LATEST TRANSACTION
control field 20200506103654.0
008 - FIXED-LENGTH DATA ELEMENTS--GENERAL INFORMATION
fixed length control field 191128s2001 ck a gr 000 0 spa d
020 ## - INTERNATIONAL STANDARD BOOK NUMBER
International Standard Book Number 9588025362
040 ## - CATALOGING SOURCE
Original cataloging agency CO-JMCR
Transcribing agency CO-JMCR
041 0# - LANGUAGE CODE
Language code of text/sound track or separate title spa
082 04 - DEWEY DECIMAL CLASSIFICATION NUMBER
Classification number 306.342 /
Item number S943c
100 1# - MAIN ENTRY--PERSONAL NAME
Personal name Sudarsky Rosenbaum, John,
Relator term autor
9 (RLIN) 3980
245 13 - TITLE STATEMENT
Title El capital social de Colombia /
Statement of responsibility, etc. John Sudarsky Rosenbaum
260 ## - PUBLICATION, DISTRIBUTION, ETC.
Place of publication, distribution, etc. Bogotá :
Name of publisher, distributor, etc. Departamento Nacional de Planeación,
Date of publication, distribution, etc. 2001
300 ## - PHYSICAL DESCRIPTION
Extent 373 páginas :
Other physical details ilustraciones en blanco y negro ;
Dimensions 27 cm.
505 ## - FORMATTED CONTENTS NOTE
Formatted contents note Participación cívica -- Relaciones horizontales -- Información y transparencia -- El capital social y fenoval por ámbitos -- Ámbitos especiales y la hipótesis de jerarquías alternas -- Las regiones y el caital social de Colombia
650 14 - SUBJECT ADDED ENTRY--TOPICAL TERM
Topical term or geographic name entry element Capital social
Geographic subdivision Colombia
9 (RLIN) 3981
650 24 - SUBJECT ADDED ENTRY--TOPICAL TERM
Topical term or geographic name entry element Variables Demográficas
Geographic subdivision Colombia
9 (RLIN) 3982
942 ## - ADDED ENTRY ELEMENTS (KOHA)
Source of classification or shelving scheme Dewey Decimal Classification
Koha item type Books
Existencias
Withdrawn status Lost status Source of classification or shelving scheme Materials specified (bound volume or other part) Damaged status Not for loan Home library Current library Shelving location Date acquired Source of acquisition Cost, normal purchase price Total Checkouts Full call number Barcode Date last seen Copy number Price effective from Koha item type
    Dewey Decimal Classification Donación--01/12/2017--     Biblioteca Pública José María del Castillo y Rada Biblioteca Pública José María del Castillo y Rada General Stacks 11/28/2019 Donación 0.00   306.342 / S943c 201808721 05/16/2024 Ej.1 11/28/2019 Books